[Event "Titled Tuesday intern op 16th Nov"]
[Site "Chess.com INT"]
[Date "2021.11.16"]
[Round "1"]
[White "Bogdanov, Egor"]
[Black "Mezentsev, Ivan"]
[Result "1-0"]
[WhiteElo "2427"]
[BlackElo "2354"]
[PlyCount "125"]
[EventDate "2021.11.16"]
[EventType "swiss (blitz)"]
[EventRounds "11"]
[EventCountry "USA"]
[SourceTitle "CBM 205 Extra"]
[Source "ChessBase"]
[SourceDate "2022.01.31"]
[SourceVersion "1"]
[SourceVersionDate "2022.01.31"]
[SourceQuality "1"]

1. e4 c5 2. c3 Nf6 3. e5 Nd5 4. d4 cxd4 5. Nf3 d6 6. cxd4 Nc6 7. Bc4 e6 8. 0-0 Be7 9. Qe2 0-0 10. Nc3 Nxc3 11. bxc3 dxe5 12. dxe5 Qc7 13. Bd3 b6 14. Re1 Bb7 15. Ng5 Bxg5 16. Bxg5 Ne7 17. Qh5 Ng6 18. Re3 Qc6 19. Be4 Qxe4 20. Rxe4 Bxe4 21. Re1 Bd5 22. Re3 Rfc8 23. Rh3 Nf8 24. Bf6 Be4 25. Bxg7 Kxg7 26. Qh6+ Kg8 27. Rg3+ Bg6 28. h4 Rc5 29. f4 Rd8 30. h5 Rd3 31. Rxd3 Bxd3 32. Qg5+ Bg6 33. hxg6 hxg6 34. Qg3 Ra5 35. Qf2 Nd7 36. Qd2 Nc5 37. Kh2 Kg7 38. Kh3 Ra3 39. Qb2 Ra4 40. g3 Rc4 41. Qc2 Ra4 42. c4 Ra3 43. Kh4 Rf3 44. Qe2 Rc3 45. g4 Rd3 46. f5 exf5 47. gxf5 Rd4+ 48. Kh3 gxf5 49. Qf2 Rd3+ 50. Kh4 Kg6 51. Qg2+ Kh7 52. Qg5 Rd4+ 53. Kh5 Ne6 54. Qxf5+ Kg7 55. Qf6+ Kg8 56. Kh6 Rf4 57. Qe7 Nf8 58. Kg5 Re4 59. Kf5 Re3 60. Qg5+ Ng6 61. Qxe3 Ne7+ 62. Kg5 Ng6 63. Kf6 1-0

[Event "Titled Tuesday intern op 16th Nov"]
[Site "Chess.com INT"]
[Date "2021.11.16"]
[Round "4"]
[White "Harika, Dronavalli"]
[Black "Mezentsev, Ivan"]
[Result "1/2-1/2"]
[WhiteElo "2511"]
[BlackElo "2354"]
[PlyCount "123"]
[EventDate "2021.11.16"]
[EventType "swiss (blitz)"]
[EventRounds "11"]
[EventCountry "USA"]
[SourceTitle "CBM 205 Extra"]
[Source "ChessBase"]
[SourceDate "2022.01.31"]
[SourceVersion "1"]
[SourceVersionDate "2022.01.31"]
[SourceQuality "1"]

1. d4 Nf6 2. Nf3 g6 3. Bf4 Bg7 4. h3 0-0 5. e3 d6 6. Nbd2 Nfd7 7. c3 e5 8. Bh2 Nc6 9. Bc4 Kh8 10. 0-0 f5 11. b4 f4 12. b5 Na5 13. Bd3 Nb6 14. exf4 exf4 15. Qc2 Bf5 16. Rae1 Nac4 17. Bxf5 Rxf5 18. Nxc4 Nxc4 19. Qe2 d5 20. Qe7 Bf6 21. Qe6 Qg8 22. a4 Rd8 23. Re2 h6 24. Rfe1 Qxe6 25. Rxe6 Kg7 26. R6e2 g5 27. Nd2 Nxd2 28. Rxd2 Rd7 29. Rde2 Kf7 30. f3 Re7 31. Kf1 Rxe2 32. Kxe2 Be7 33. Kd3 Rf6 34. Re5 c6 35. Bg1 Re6 36. Bf2 Rxe5 37. dxe5 a6 38. bxa6 bxa6 39. c4 Ke6 40. cxd5+ Kxd5 41. Bd4 Bd8 42. Bc3 Bc7 43. e6 Kxe6 44. Bg7 h5 45. Bh6 Kf5 46. Kc4 Bd6 47. Bg7 g4 48. hxg4+ hxg4 49. Bd4 gxf3 50. gxf3 Kg5 51. Kd3 Kf5 52. Kc4 Ke6 53. Bf2 Be7 54. Be1 Ke5 55. Bc3+ Kf5 56. Bd2 Bd6 57. Kd4 Be7 58. Bc1 Bd6 59. Kc4 Ke5 60. Bb2+ Ke6 61. Bg7 Kf5 62. Bd4 1/2-1/2

[Event "Titled Tuesday intern op 16th Nov"]
[Site "Chess.com INT"]
[Date "2021.11.16"]
[Round "7"]
[White "Mezentsev, Ivan"]
[Black "Manukyan, Artyom"]
[Result "1-0"]
[WhiteElo "2354"]
[BlackElo "2106"]
[PlyCount "133"]
[EventDate "2021.11.16"]
[EventType "swiss (blitz)"]
[EventRounds "11"]
[EventCountry "USA"]
[SourceTitle "CBM 205 Extra"]
[Source "ChessBase"]
[SourceDate "2022.01.31"]
[SourceVersion "1"]
[SourceVersionDate "2022.01.31"]
[SourceQuality "1"]

1. d4 d5 2. Nf3 Nf6 3. Bf4 c5 4. e3 Nc6 5. Nbd2 Nh5 6. Be5 Nxe5 7. Nxe5 Nf6 8. Bb5+ Bd7 9. Nxd7 Nxd7 10. dxc5 e6 11. b4 a6 12. Ba4 Be7 13. c4 0-0 14. cxd5 exd5 15. 0-0 a5 16. a3 Nf6 17. Nf3 b6 18. Bc6 Rc8 19. Bb7 Rc7 20. c6 axb4 21. axb4 Bxb4 22. Ra8 Qd6 23. Rxf8+ Qxf8 24. Nd4 Qb8 25. Nb5 Re7 26. Qb3 Bc5 27. Ra1 Rxb7 28. cxb7 Qxb7 29. Qa4 Bf8 30. Qa8 Qe7 31. Nd4 Ne4 32. Qxd5 Nf6 33. Qc6 Qb4 34. g3 h5 35. h3 Bc5 36. Qc8+ Bf8 37. Kg2 g6 38. Ra7 Qb3 39. Qb7 Bc5 40. Nf3 Qd5 41. Qxd5 Nxd5 42. Ne5 Ne7 43. Rb7 Kg7 44. Nd7 Bd6 45. Nxb6 Bc7 46. Rxc7 Nf5 47. Nd5 Kh6 48. Rxf7 Kg5 49. h4+ Kh6 50. Rxf5 gxf5 51. Kf3 Kg6 52. Kf4 Kh6 53. Kxf5 Kh7 54. Kg5 Kh8 55. Kxh5 Kh7 56. Kg5 Kh8 57. Kg6 Kg8 58. h5 Kh8 59. h6 Kg8 60. Nc7 Kh8 61. Ne6 Kg8 62. Ng5 Kh8 63. Nf7+ Kg8 64. h7+ Kf8 65. h8Q+ Ke7 66. Qd8+ Ke6 67. Qd6# 1-0

[Event "Titled Tuesday intern op 16th Nov"]
[Site "Chess.com INT"]
[Date "2021.11.16"]
[Round "11"]
[White "Vlassov, Nikolai"]
[Black "Mezentsev, Ivan"]
[Result "1-0"]
[WhiteElo "2294"]
[BlackElo "2354"]
[PlyCount "105"]
[EventDate "2021.11.16"]
[EventType "swiss (blitz)"]
[EventRounds "11"]
[EventCountry "USA"]
[SourceTitle "CBM 205 Extra"]
[Source "ChessBase"]
[SourceDate "2022.01.31"]
[SourceVersion "1"]
[SourceVersionDate "2022.01.31"]
[SourceQuality "1"]

1. e4 d5 2. exd5 Nf6 3. Bb5+ Bd7 4. Bc4 Bf5 5. Nc3 Nbd7 6. d3 Nb6 7. Qf3 Nxc4 8. Qxf5 Nb6 9. Bg5 Nfxd5 10. Nge2 h6 11. Bh4 c6 12. 0-0-0 Qd7 13. Qxd7+ Kxd7 14. Rhe1 e6 15. Bg3 a5 16. a3 Be7 17. Ne4 f5 18. Nd2 Bg5 19. Be5 Bf6 20. Nd4 Rhe8 21. N2b3 Na4 22. c4 Nc7 23. Bxc7 Kxc7 24. Nxe6+ Kd6 25. c5+ Kd7 26. Ned4 g6 27. Kc2 Bxd4 28. Nxd4 Nxc5 29. Nf3 Kd6 30. Nh4 Rxe1 31. Rxe1 Rg8 32. b4 axb4 33. axb4 Ne6 34. Kc3 Nc7 35. Kc4 Nd5 36. b5 Nb6+ 37. Kb4 c5+ 38. Kb3 Nd5 39. g3 Ne7 40. Nf3 Ra8 41. Ne5 g5 42. Nf7+ Kd7 43. Nxh6 Ra5 44. Kc4 Ra4+ 45. Kxc5 Ra3 46. d4 Rc3+ 47. Kb6 Nd5+ 48. Kxb7 Rc7+ 49. Ka6 Nb4+ 50. Ka5 Nd5 51. b6 Rc2 52. Nxf5 Kc6 53. Ne7+ 1-0

[Event "Titled Tuesday intern op 02nd Nov"]
[Site "Chess.com INT"]
[Date "2021.11.02"]
[Round "4"]
[White "Golizadeh, Asghar"]
[Black "Mezentsev, Ivan"]
[Result "0-1"]
[WhiteElo "2455"]
[BlackElo "2354"]
[PlyCount "98"]
[EventDate "2021.11.02"]
[EventType "swiss (blitz)"]
[EventRounds "11"]
[EventCountry "USA"]
[SourceTitle "CBM 205 Extra"]
[Source "ChessBase"]
[SourceDate "2022.01.31"]
[SourceVersion "1"]
[SourceVersionDate "2022.01.31"]
[SourceQuality "1"]

1. e4 d5 2. exd5 Nf6 3. Nf3 Nxd5 4. d4 g6 5. c4 Nb6 6. Nc3 Bg7 7. Be3 0-0 8. h3 Nc6 9. Be2 e5 10. d5 Ne7 11. 0-0 Nf5 12. Bg5 f6 13. Bd2 Re8 14. Bd3 Nd7 15. Bc2 a5 16. a3 Nc5 17. b4 axb4 18. axb4 Rxa1 19. Qxa1 e4 20. Nh2 Nd3 21. Nxe4 Ne5 22. Bc3 Nd6 23. Nxd6 cxd6 24. Bxe5 Rxe5 25. Nf3 Re7 26. Qa8 Re8 27. Nd4 Qe7 28. Qa7 f5 29. Nb5 f4 30. Bd1 Be5 31. Qa4 Rf8 32. Bf3 Qg5 33. Kh1 Qh4 34. Kh2 g5 35. Qd1 h5 36. Qd3 Kg7 37. Nc7 g4 38. Ne6+ Bxe6 39. dxe6 gxf3 40. gxf3 Kf6 41. Qh7 Kxe6 42. Qh6+ Rf6 43. Qh7 Rf7 44. Qg6+ Ke7 45. Qe4 Kf8 46. c5 Qf6 47. Rg1 Rg7 48. Rd1 Qg5 49. Rg1 Qxg1# 0-1